[Event "World Rapid 2025"]
[Site "Doha QAT"]
[Date "2025.12.26"]
[Round "1.86"]
[White "Grafl, Florian"]
[Black "Theodorou, Nikolas"]
[Result "0-1"]
[WhiteTitle "IM"]
[BlackTitle "GM"]
[WhiteElo "2343"]
[BlackElo "2652"]
[WhiteFideId "4645715"]
[BlackFideId "4262875"]
[EventDate "2025.12.26"]
[EventType "rapid"]

1. e4 c5 2. Nc3 e6 3. d4 cxd4 4. Qxd4 Nc6 5. Qe3 Be7 6. Qg3 g6 7. Bf4 d6 8.
O-O-O e5 9. Be3 Nf6 10. Bc4 Be6 11. Bxe6 fxe6 12. Nf3 Qd7 13. Qh3 O-O 14. Ng5
Nd8 15. Rd3 b5 16. Rhd1 b4 17. Ne2 Rc8 18. Kb1 h5 19. f3 Qc6 20. c4 Qxc4 21.
R3d2 b3 22. Rc1 Qa6 23. axb3 Rxc1+ 24. Nxc1 d5 25. Nd3 dxe4 26. Nxe5 Nd5 27. g4
Bxg5 28. Bxg5 Nf7 29. Nxf7 Rxf7 30. f4 e3 31. Rxd5 exd5 32. Qxe3 Qf1+ 33. Ka2
Qa6+ 34. Kb1 hxg4 35. Qe8+ Rf8 36. Qd7 Qd3+ 37. Ka2 Qa6+ 38. Kb1 Qd3+ 39. Ka2
Qf5 40. Qd6 Rf7 41. Qd8+ Kh7 42. Qd6 a5 43. Qc5 Rd7 44. Qf2 d4 45. Qh4+ Kg8 46.
Bf6 Rh7 47. Qe1 Qxf6 48. Qe8+ Kg7 0-1

[Event "World Rapid 2025"]
[Site "Doha QAT"]
[Date "2025.12.26"]
[Round "1.87"]
[White "Akobian, Varuzhan"]
[Black "Morris, James"]
[Result "1-0"]
[WhiteTitle "GM"]
[BlackTitle "IM"]
[WhiteElo "2549"]
[BlackElo "2422"]
[WhiteFideId "13300580"]
[BlackFideId "3205800"]
[EventDate "2025.12.26"]
[EventType "rapid"]

1. d4 Nf6 2. c4 e6 3. Nf3 b6 4. a3 Bb7 5. Nc3 d5 6. Bg5 Be7 7. e3 O-O 8. Bxf6
Bxf6 9. cxd5 exd5 10. Qb3 c6 11. Bd3 Nd7 12. O-O Re8 13. Rad1 Nf8 14. Rfe1 Ne6
15. Qc2 g6 16. b4 Rc8 17. Rb1 Bg7 18. Rec1 Qd6 19. Qa4 a6 20. Qb3 Ra8 21. Na4 b5
22. Nc5 Nxc5 23. Rxc5 Bf8 24. a4 Qf6 25. Rc2 Bd6 26. Rbc1 Qe7 27. Rb1 Qf6 28.
Be2 Bc8 29. Rbc1 Bd7 30. Ne1 h5 31. Nd3 h4 32. h3 Bc7 33. Bg4 Bxg4 34. Rxc6 Qg5
35. hxg4 Bb8 36. R6c5 Rd8 37. axb5 Bd6 38. bxa6 Bxc5 39. Nxc5 Qxg4 40. Qd1 Qf5
41. b5 Rdb8 42. Nb7 Qd7 43. Rc5 h3 44. Qf3 hxg2 45. Kxg2 Qe6 46. Rxd5 Rc8 47.
Nc5 Qb6 48. Rd7 Rf8 49. Rxf7 Qxb5 50. Rxf8+ Rxf8 51. Qd5+ Kh8 52. Qd6 Rf5 53.
Qxg6 Rxc5 54. Qf6+ Kh7 55. Qe7+ Kh8 56. Qxc5 Qxa6 57. Qe5+ Kg8 58. d5 Kh7 59.
Qf5+ Kh8 60. e4 Qb6 61. d6 Qc6 62. Qe5+ Kh7 63. Qd5 Qe8 64. d7 Qd8 65. Qf5+ Kg7
66. e5 Qa8+ 67. Qf3 Qd8 68. Qf6+ 1-0

[Event "World Rapid 2025"]
[Site "Doha QAT"]
[Date "2025.12.26"]
[Round "1.88"]
[White "Sapenov, Daniyal"]
[Black "Tabatabaei, M. Amin"]
[Result "0-1"]
[WhiteTitle "IM"]
[BlackTitle "GM"]
[WhiteElo "2440"]
[BlackElo "2700"]
[WhiteFideId "13728911"]
[BlackFideId "12521213"]
[EventDate "2025.12.26"]
[EventType "rapid"]

1. d4 d5 2. c4 e6 3. Nf3 Nf6 4. g3 Be7 5. Bg2 O-O 6. O-O c6 7. Qc2 b6 8. Rd1
Nbd7 9. Nbd2 Bb7 10. e4 dxc4 11. Nxc4 c5 12. e5 Nd5 13. Qe4 Kh8 14. Bd2 Rc8 15.
Rac1 Ba8 16. Qb1 b5 17. Nd6 Bxd6 18. Ng5 g6 19. exd6 c4 20. Ne4 f5 21. Ng5 Qf6
22. Re1 Rfe8 23. Nf3 Kg8 24. a4 b4 25. Bg5 Qg7 26. Ne5 Nxe5 27. dxe5 Qd7 28. Qa2
c3 29. a5 Rc5 30. bxc3 Nxc3 31. Qb3 Bxg2 32. Qxb4 Ba8 33. Qxc5 Qb7 34. f3 Qxf3
35. Rc2 Qh1+ 36. Kf2 Qxh2+ 37. Ke3 Qxc2 38. d7 Nd1+ 39. Kd4 Qb2+ 40. Kd3 Be4+
41. Rxe4 fxe4+ 42. Kxe4 Qb7+ 0-1

[Event "World Rapid 2025"]
[Site "Doha QAT"]
[Date "2025.12.26"]
[Round "1.89"]
[White "Pichot, Alan"]
[Black "Suleimen, Ergali"]
[Result "1-0"]
[WhiteTitle "GM"]
[BlackTitle "IM"]
[WhiteElo "2597"]
[BlackElo "2419"]
[WhiteFideId "110973"]
[BlackFideId "13724452"]
[EventDate "2025.12.26"]
[EventType "rapid"]

1. e4 c5 2. Nf3 Nc6 3. Bb5 d6 4. O-O Bd7 5. Re1 a6 6. Bxc6 Bxc6 7. d4 cxd4 8.
Nxd4 Rc8 9. c4 e6 10. b3 Nf6 11. Nc3 Be7 12. Ba3 Qa5 13. Bb2 Bd7 14. a4 O-O 15.
Qd2 Rfe8 16. Kh1 Bc6 17. Rad1 Qc5 18. f4 Red8 19. f5 e5 20. Nxc6 bxc6 21. Qe3
Qxe3 22. Rxe3 Rb8 23. Ne2 Ng4 24. Rf3 d5 25. cxd5 cxd5 26. Rxd5 Rxd5 27. exd5 e4
28. Rg3 h5 29. h3 Nf2+ 30. Kg1 Nd3 31. Rxg7+ Kf8 32. Rh7 Bc5+ 33. Bd4 Rxb3 34.
Bxc5+ Nxc5 35. f6 Ke8 36. Rxh5 Rb1+ 37. Kf2 Nd3+ 38. Ke3 Re1 39. Rh4 Nc5 40.
Rh8+ Kd7 41. Rf8 Kd6 42. Rxf7 Kxd5 43. Rc7 Ne6 44. Ra7 Rf1 45. f7 Ke5 46. Rxa6
Rxf7 47. Ra5+ Kd6 48. Nc3 1-0

[Event "World Rapid 2025"]
[Site "Doha QAT"]
[Date "2025.12.26"]
[Round "1.90"]
[White "Nainys, Zanas"]
[Black "Lazavik, Denis"]
[Result "0-1"]
[BlackTitle "GM"]
[WhiteElo "2307"]
[BlackElo "2605"]
[WhiteFideId "12844098"]
[BlackFideId "13515110"]
[EventDate "2025.12.26"]
[EventType "rapid"]

1. d4 Nf6 2. c4 e6 3. Nf3 d5 4. Nc3 Be7 5. cxd5 exd5 6. Bf4 c6 7. h3 Bf5 8. g4
Be4 9. e3 Nbd7 10. Be2 Qb6 11. Qb3 h6 12. Nxe4 Nxe4 13. Bd3 Bd6 14. Qxb6 axb6
15. Bxe4 Bb4+ 16. Ke2 dxe4 17. Nh2 O-O 18. a3 Be7 19. Nf1 Rfe8 20. Nd2 Bf8 21.
a4 Nf6 22. Be5 Nd5 23. h4 c5 24. Rhc1 f6 25. Bg3 cxd4 26. exd4 e3 27. Nc4 exf2+
28. Kxf2 Re4 29. Rd1 Rxg4 30. Kf3 h5 31. a5 b5 32. Nb6 Rd8 33. Bf2 Rf4+ 34. Kg2
Rf5 35. Nxd5 Rfxd5 36. Rdc1 Bd6 37. a6 bxa6 38. Rxa6 Kh7 39. Ra7 Bf8 40. Rb7 Re8
41. Kf1 Kg6 42. Rc3 Rf5 43. Rb3 b4 44. Rg3+ Kh7 45. b3 Re4 46. Kg2 Ref4 47. Bg1
Rxh4 48. Rf7 Kg8 49. Rd7 Re4 50. d5 h4 51. Rd3 Re2+ 52. Kh3 Rf1 53. Bd4 f5 54.
Kxh4 Rg2 55. Kh3 Rg6 56. Be5 Rh1+ 57. Bh2 Rh6+ 0-1

[Event "World Rapid 2025"]
[Site "Doha QAT"]
[Date "2025.12.26"]
[Round "1.91"]
[White "Naiditsch, Arkadij"]
[Black "Gaehwiler, Gabriel"]
[Result "1/2-1/2"]
[WhiteTitle "GM"]
[BlackTitle "IM"]
[WhiteElo "2574"]
[BlackElo "2382"]
[WhiteFideId "4650891"]
[BlackFideId "1314530"]
[EventDate "2025.12.26"]
[EventType "rapid"]

1. e4 e5 2. Nf3 Nf6 3. Nc3 Nc6 4. Bb5 Bd6 5. d3 h6 6. a3 a6 7. Bc4 Be7 8. O-O d6
9. h3 Be6 10. Nd5 Qd7 11. Re1 O-O 12. Nh2 Bxd5 13. exd5 Nd4 14. c3 Nf5 15. a4
Nh7 16. a5 Bg5 17. Bxg5 Nxg5 18. Ra4 Nh4 19. Bb3 Ng6 20. Rb4 Nf4 21. h4 Nh7 22.
g3 Ng6 23. Rxb7 Rfb8 24. Ba4 Qf5 25. Qb3 Rc8 26. Qc4 Nf6 27. Bd1 Re8 28. Ng4 e4
29. Nxf6+ Qxf6 30. dxe4 Ne5 31. Qxc7 g5 32. h5 Nd3 33. Rf1 Nc5 34. Rb6 Nxe4 35.
Bc2 Rac8 36. Qd7 Rcd8 37. Qg4 Nd2 38. Rd1 Nf3+ 39. Kh1 Re2 40. Be4 Rxf2 41. Bxf3
Rxf3 42. Rg1 Rf2 43. Qe4 Rd7 44. Rb8+ Kg7 45. Re8 Rxb2 46. Qd4 Qxd4 47. cxd4 Ra2
48. Rc1 Rxa5 49. Kg2 Rxd5 50. Rcc8 Rxd4 51. Rg8+ Kf6 52. Rh8 Kf5 53. Rc2 Kg4 54.
Rxh6 Re7 55. Kf2 Re5 56. Rh8 Rc5 57. Rxc5 dxc5 58. h6 Rd6 59. h7 Rh6 60. Ke3 a5
61. Kf2 a4 62. Kg2 a3 63. Rc8 Rxh7 64. Rxc5 f5 65. Rc4+ f4 66. gxf4 Ra7 67.
fxg5+ Kxg5 68. Rc1 Kf4 69. Kf2 Ke4 70. Ke2 a2 71. Ra1 Rh7 72. Kd2 Kd4 73. Kc2
Kc4 74. Rxa2 Rh2+ 75. Kb1 Rxa2 76. Kxa2 1/2-1/2

[Event "World Rapid 2025"]
[Site "Doha QAT"]
[Date "2025.12.26"]
[Round "1.92"]
[White "Wafa, Hamed"]
[Black "Bai, Jinshi"]
[Result "0-1"]
[WhiteTitle "IM"]
[BlackTitle "GM"]
[WhiteElo "2373"]
[BlackElo "2599"]
[WhiteFideId "10628452"]
[BlackFideId "8602280"]
[EventDate "2025.12.26"]
[EventType "rapid"]

1. e4 c5 2. Nf3 Nc6 3. Bb5 e6 4. Bxc6 bxc6 5. d3 Qc7 6. Nbd2 e5 7. O-O d6 8. Nc4
Nf6 9. Nh4 Be7 10. f4 exf4 11. Bxf4 O-O 12. Ne3 g6 13. Bh6 Re8 14. Qf3 Be6 15.
Nhf5 Nd7 16. Ng7 Ne5 17. Qf4 Reb8 18. Nxe6 fxe6 19. Ng4 Bf8 20. Qf6 Re8 21. Bxf8
Nxg4 22. Qf4 Rxf8 23. Qxg4 Qe7 24. b3 e5 25. h3 Kg7 26. Rxf8 Rxf8 27. Rf1 h5 28.
Qg3 Rf6 29. Rf2 Qf7 30. a4 Rf4 31. Rxf4 exf4 32. Qf2 Qf6 33. Kh2 g5 34. Qe2 Kg6
35. Qf3 Qe5 36. Kh1 Qa1+ 37. Kh2 Qe1 38. a5 a6 39. c4 h4 40. Qg4 Qg3+ 41. Qxg3
hxg3+ 42. Kg1 Kf6 43. Kf1 Ke5 44. Ke2 Kd4 45. Kf3 Ke5 0-1

[Event "World Rapid 2025"]
[Site "Doha QAT"]
[Date "2025.12.26"]
[Round "1.93"]
[White "Bjerre, Jonas Buhl"]
[Black "Tran, Thanh Tu"]
[Result "1-0"]
[WhiteTitle "GM"]
[BlackTitle "IM"]
[WhiteElo "2623"]
[BlackElo "2402"]
[WhiteFideId "1444948"]
[BlackFideId "12401404"]
[EventDate "2025.12.26"]
[EventType "rapid"]

1. e4 c5 2. Nf3 e6 3. b3 b6 4. Bb2 Bb7 5. Nc3 d6 6. d4 cxd4 7. Qxd4 Nc6 8. Bb5
a6 9. Bxc6+ Bxc6 10. O-O-O Qc7 11. Rhe1 Bb7 12. g4 Nf6 13. g5 Nd7 14. Nd5 Bxd5
15. exd5 e5 16. Qe3 Be7 17. Nd4 Qc5 18. f4 O-O 19. Qh3 exd4 20. Qxd7 Rac8 21.
Rd2 Rc7 22. Qf5 Rfc8 23. Bxd4 Qa3+ 24. Bb2 Qc5 25. h4 Bf8 26. h5 Qa5 27. Re3 Qc5
28. Rde2 Qa5 29. h6 Qb5 30. hxg7 Bxg7 31. Bxg7 Kxg7 32. Rh2 1-0

[Event "World Rapid 2025"]
[Site "Doha QAT"]
[Date "2025.12.26"]
[Round "1.94"]
[White "Ezat, Mohamed"]
[Black "Paravyan, David"]
[Result "0-1"]
[WhiteTitle "IM"]
[BlackTitle "GM"]
[WhiteElo "2294"]
[BlackElo "2582"]
[WhiteFideId "10600906"]
[BlackFideId "4194985"]
[EventDate "2025.12.26"]
[EventType "rapid"]

1. d4 d5 2. c4 dxc4 3. Nf3 Nf6 4. Qa4+ Nbd7 5. Qxc4 e6 6. g3 b6 7. Bg2 Bb7 8.
O-O Be7 9. Bf4 c5 10. Nc3 O-O 11. dxc5 Bxc5 12. b4 Be7 13. a3 Rc8 14. Qb3 Nd5
15. Rac1 Nxc3 16. Rxc3 Rxc3 17. Qxc3 Nf6 18. Be5 Qd7 19. Qa1 a5 20. Rd1 Qa4 21.
Rf1 Qd7 22. Rd1 Qa4 23. bxa5 bxa5 24. Bd6 Bxd6 25. Rxd6 Bd5 26. Rb6 h6 27. h3
Rd8 28. Rb1 Qc4 29. Qe5 Qc5 30. Rb8 Rxb8 31. Qxb8+ Kh7 32. Qb2 Ne4 33. e3 Nc3
34. Nd4 Bxg2 35. Kxg2 e5 36. Qc2+ g6 37. Nf3 e4 38. Nd2 Qxa3 39. Nxe4 Nxe4 40.
Qxe4 Qa1 41. h4 0-1

[Event "World Rapid 2025"]
[Site "Doha QAT"]
[Date "2025.12.26"]
[Round "1.95"]
[White "Najer, Evgeniy"]
[Black "Krallis, Christos"]
[Result "0-1"]
[WhiteTitle "GM"]
[BlackTitle "IM"]
[WhiteElo "2619"]
[BlackElo "2416"]
[WhiteFideId "4118987"]
[BlackFideId "4298896"]
[EventDate "2025.12.26"]
[EventType "rapid"]

1. e4 e5 2. Nf3 Nc6 3. Bb5 a6 4. Ba4 Nf6 5. O-O d6 6. Re1 Bd7 7. Bxc6 bxc6 8. d4
exd4 9. e5 dxe5 10. Nxe5 Be6 11. Nxc6 Qd5 12. Ne5 Bd6 13. Bf4 O-O 14. c4 dxc3
15. Nxc3 Qb7 16. Nd3 Rfd8 17. Bxd6 Rxd6 18. Qe2 Bc4 19. Nc5 Qb4 20. Qe3 h6 21.
N5e4 Nxe4 22. Nxe4 Re6 23. Qc3 a5 24. a3 Qxc3 25. Nxc3 Rb8 26. Na4 Rc6 27. h3
Bb3 28. Nc3 Be6 29. Re2 Rcb6 30. Na4 Rc6 31. Nc3 Rcb6 32. Na4 Rc6 33. Rae1 Rc4
34. Nc3 Kf8 35. Rd2 Rc6 36. Re5 Rd6 37. Rde2 Rdb6 38. Na4 Rb5 39. Rc5 Bb3 40.
Rxb5 Rxb5 41. Nc3 Rb6 42. f3 Bc4 43. Rd2 Ke7 44. Kf2 f5 45. h4 g5 46. h5 Kf6 47.
Na4 Rc6 48. Rc2 Bd5 49. Nc3 Rd6 50. Nb5 Rb6 51. Nxc7 Bf7 52. Kg3 f4+ 53. Kh3 Rd6
54. Nb5 Rd1 55. Rc6+ 0-1

[Event "World Rapid 2025"]
[Site "Doha QAT"]
[Date "2025.12.26"]
[Round "1.96"]
[White "Meng, Yihan"]
[Black "Yilmaz, Mustafa"]
[Result "1-0"]
[WhiteTitle "IM"]
[BlackTitle "GM"]
[WhiteElo "2456"]
[BlackElo "2595"]
[WhiteFideId "8631891"]
[BlackFideId "6302718"]
[EventDate "2025.12.26"]
[EventType "rapid"]

1. e4 c5 2. Nf3 d6 3. d4 cxd4 4. Nxd4 Nf6 5. Nc3 a6 6. Bg5 e6 7. f4 h6 8. Bh4
Qb6 9. a3 Be7 10. Bf2 Qc7 11. Qf3 b5 12. O-O-O Bb7 13. g4 d5 14. e5 Ne4 15. Nxe4
dxe4 16. Qe3 Nd7 17. Kb1 Rc8 18. Bg2 Nb6 19. Bxe4 Nc4 20. Qf3 Bxe4 21. Qxe4 O-O
22. Rd3 Rfd8 23. Rhd1 Rd5 24. Ka2 b4 25. a4 Ra5 26. b3 Nb6 27. R1d2 Nd5 28. Ne2
Qc6 29. Kb1 Bc5 30. Bh4 Bb6 31. g5 hxg5 32. Bxg5 Rc5 33. Rh3 f5 34. exf6 Nxf6
35. Qxc6 R5xc6 36. Bxf6 gxf6 37. Ng3 Rc3 38. Rg2 Kf8 39. Rh8+ Kg7 40. Rxc8 Rxc8
41. Ne4+ Kh6 42. Nxf6 Bd4 43. Ng4+ Kh5 44. Ne5 Rf8 45. Rg5+ Kh6 46. Rg6+ Kh7 47.
Rg4 Rf5 48. Nd3 a5 49. h4 Bf6 50. Rg1 Rh5 51. Rh1 Kg6 52. Kc1 Kf5 53. Kd2 Ke4
54. Ke2 Kd4 55. Rh3 Kc3 56. Kd1 Kd4 57. Ke2 Kc3 58. Kd1 Kd4 59. Ne1 Ke4 60. Ng2
Bd4 61. Rg3 Rd5 62. Ke2 Rc5 63. Kd1 Rc8 64. h5 Bf2 65. Rh3 Rg8 66. Nh4 Rg1+ 67.
Ke2 Bd4 68. h6 Rc1 69. Kd2 Rf1 70. h7 Rf2+ 71. Kd1 Rf1+ 72. Ke2 Rf2+ 73. Ke1
Rxc2 74. Ng6 Rc8 75. Kd2 Kf5 76. Ne7+ Kg4 77. Nxc8 Kxh3 78. Ne7 Kg4 79. Ng6 Bf6
80. Ke3 Kh5 81. h8=Q+ 1-0

[Event "World Rapid 2025"]
[Site "Doha QAT"]
[Date "2025.12.26"]
[Round "1.97"]
[White "Volokitin, Andrei"]
[Black "Tissir, Mohamed"]
[Result "0-1"]
[WhiteTitle "GM"]
[BlackTitle "IM"]
[WhiteElo "2619"]
[BlackElo "2293"]
[WhiteFideId "14107090"]
[BlackFideId "9000240"]
[EventDate "2025.12.26"]
[EventType "rapid"]

1. e4 c5 2. Nf3 d6 3. Nc3 a6 4. d4 cxd4 5. Qxd4 Nc6 6. Qd3 Nf6 7. Nd5 e6 8.
Nxf6+ Qxf6 9. c3 Be7 10. h4 Ne5 11. Nxe5 Qxe5 12. Be3 O-O 13. Bd4 Qa5 14. Qg3 e5
15. Be3 Be6 16. Bh6 Bf6 17. Bg5 Qd8 18. Bd3 Kh8 19. Bc2 Rc8 20. Bb3 Bc4 21.
O-O-O b5 22. Kb1 Qe7 23. Rd2 h6 24. Qe3 Kg8 25. Bxf6 Qxf6 26. g4 Qe6 27. g5 h5
28. Bxc4 Rxc4 29. f3 b4 30. cxb4 Rxb4 31. Qa3 Rb6 32. Rhd1 Rfb8 33. Ka1 Qh3 34.
Rxd6 Rxb2 35. Rd8+ Kh7 36. g6+ fxg6 37. Qe7 Qxf3 38. Qxe5 Rxa2+ 0-1

[Event "World Rapid 2025"]
[Site "Doha QAT"]
[Date "2025.12.26"]
[Round "1.98"]
[White "Mamedov, Edgar"]
[Black "Nguyen, Ngoc Truong Son"]
[Result "1-0"]
[WhiteTitle "GM"]
[BlackTitle "GM"]
[WhiteElo "2492"]
[BlackElo "2600"]
[WhiteFideId "13739980"]
[BlackFideId "12401110"]
[EventDate "2025.12.26"]
[EventType "rapid"]

1. c4 e6 2. Nf3 d5 3. g3 Nf6 4. Bg2 Be7 5. O-O O-O 6. d4 c6 7. Qc2 a5 8. Rd1
Nbd7 9. Nc3 b6 10. e4 Bb7 11. e5 Ne8 12. h4 h6 13. Bf4 dxc4 14. Nd2 b5 15. Nxb5
cxb5 16. Bxb7 Rb8 17. Be4 Nc7 18. Nf1 Nb6 19. Qe2 Ncd5 20. Bc1 f5 21. exf6 Nxf6
22. Bc2 Qd7 23. Nh2 Nbd5 24. Ng4 Nxg4 25. Qxg4 Rf6 26. Qe4 Rbf8 27. Qh7+ Kf7 28.
Bg5 hxg5 29. hxg5 Rf5 30. Bxf5 exf5 31. g6+ Kf6 32. Re1 Qe8 33. Qh5 Rh8 34. Qf3
Qd7 35. Re5 Nb4 36. g4 Kxg6 37. Rxe7 Qd5 38. gxf5+ Kf6 39. Re6+ Kf7 40. Qxd5
Nxd5 41. Re5 Rd8 42. Kg2 b4 43. Kf3 a4 44. Re6 c3 45. bxc3 Nxc3 46. Ke3 Nd5+ 47.
Ke4 Rd7 48. Ra6 a3 49. Ra5 Nc3+ 50. Kd3 Rc7 51. Rc5 Rb7 52. Ra5 Kf6 53. Kc4 Nxa2
54. Rxa2 b3 55. R5xa3 bxa2 56. Rxa2 Kxf5 57. Re2 Rc7+ 58. Kb5 1-0

[Event "World Rapid 2025"]
[Site "Doha QAT"]
[Date "2025.12.26"]
[Round "1.99"]
[White "Sasikiran, Krishnan"]
[Black "Ahmad, Khagan"]
[Result "0-1"]
[WhiteTitle "GM"]
[BlackTitle "IM"]
[WhiteElo "2538"]
[BlackElo "2472"]
[WhiteFideId "5004985"]
[BlackFideId "13431552"]
[EventDate "2025.12.26"]
[EventType "rapid"]

1. d4 Nf6 2. c4 e6 3. g3 d5 4. Bg2 dxc4 5. Nf3 Nbd7 6. O-O c6 7. a4 b6 8. Nc3
Nd5 9. h4 Bb7 10. e4 Nb4 11. Qe2 Be7 12. Nd2 Nc2 13. Nxc4 Nxa1 14. Bg5 O-O 15.
Rxa1 Bxg5 16. hxg5 Ba6 17. e5 c5 18. Rd1 Rc8 19. d5 Qxg5 20. dxe6 Bxc4 21. Qxc4
Nxe5 22. Qe4 Ng6 23. Bh3 Rcd8 24. exf7+ Kh8 25. Rxd8 Qxd8 26. Be6 Qf6 27. Qd5
Rd8 28. Qb3 Nf8 29. Bc4 Qf3 30. Qb5 Rd2 31. Ne4 Rd1+ 32. Bf1 Qxf7 33. Ng5 Qe7
34. Qb3 Rxf1+ 0-1

[Event "World Rapid 2025"]
[Site "Doha QAT"]
[Date "2025.12.26"]
[Round "1.100"]
[White "Harikrishnan, A. Ra"]
[Black "Muradli, Mahammad"]
[Result "0-1"]
[WhiteTitle "GM"]
[BlackTitle "GM"]
[WhiteElo "2531"]
[BlackElo "2581"]
[WhiteFideId "5081483"]
[BlackFideId "13409301"]
[EventDate "2025.12.26"]
[EventType "rapid"]

1. d4 d5 2. Nf3 Nf6 3. c3 a5 4. Bf4 Bf5 5. e3 e6 6. Bd3 Bd6 7. O-O O-O 8. Qe2 a4
9. Nbd2 Bxd3 10. Qxd3 Nbd7 11. Rac1 Qe7 12. Bxd6 Qxd6 13. c4 Qa6 14. Qc2 Rac8
15. Ne5 c5 16. Nxd7 Nxd7 17. cxd5 exd5 18. dxc5 Rxc5 19. Qf5 Qe6 20. Qf4 Rfc8
21. Rxc5 Nxc5 22. Qd4 g6 23. h3 Qf5 24. Rc1 b6 25. Nf3 Re8 26. Rd1 Qc2 27. Qd2
Qxd2 28. Rxd2 Rd8 29. Nd4 Kf8 30. f3 Nd7 31. Nb5 Ne5 32. Nc3 Nc4 33. Rxd5 Rxd5
34. Nxd5 Nxb2 35. Nxb6 Ke7 36. Kf2 Kd6 37. e4 Kc5 38. Nd5 Kd4 39. Ke2 Nc4 40.
Kd1 Ne3+ 41. Kd2 Nxg2 42. Nc3 Nh4 43. Nxa4 Nxf3+ 44. Ke2 Ng1+ 45. Kf1 Nxh3 46.
Nb6 Ng5 47. a4 Nxe4 48. Kg2 Kc5 49. Nd7+ Kb4 50. Kf3 Nd6 51. Kf4 Kxa4 52. Ke5
Ne8 53. Kd5 Kb5 54. Ne5 f6 55. Nd7 h5 56. Nf8 h4 57. Ke4 g5 58. Ne6 Kc6 59. Kd4 0-1

[Event "World Rapid 2025"]
[Site "Doha QAT"]
[Date "2025.12.26"]
[Round "1.101"]
[White "Gavrilescu, David"]
[Black "Medhus, Vitus Bondo"]
[Result "1-0"]
[WhiteTitle "GM"]
[BlackTitle "FM"]
[WhiteElo "2542"]
[BlackElo "2387"]
[WhiteFideId "1227190"]
[BlackFideId "1462547"]
[EventDate "2025.12.26"]
[EventType "rapid"]

1. e4 c5 2. Nf3 g6 3. Bc4 Nc6 4. O-O Bg7 5. c3 e6 6. d4 cxd4 7. Nxd4 Nxd4 8.
cxd4 Ne7 9. d5 exd5 10. Bxd5 Nxd5 11. Qxd5 O-O 12. Rd1 Qb6 13. Nc3 Qc6 14. Qd3
b6 15. Nd5 Re8 16. Bg5 Bb7 17. Ne7+ Rxe7 18. Bxe7 Qe6 19. Qxd7 Qxe4 20. f3 Qe3+
21. Kh1 Bxf3 22. Rd3 Bxg2+ 23. Kxg2 Qe2+ 24. Kg1 Be5 25. Rd2 Qe3+ 26. Kh1 Qf3+
27. Rg2 Bxb2 28. Rd1 Bf6 29. Bxf6 Qxf6 30. Qd4 Qe7 31. Rf2 Rc8 32. Rdf1 Rf8 33.
Qf6 Qd7 34. Rf3 Qd5 35. a3 Qb7 36. Rd1 Qe4 37. Rd7 Qa4 38. Rd8 Qc4 39. Rxf8+
Kxf8 40. h3 Kg8 41. Kh2 h5 42. Qe5 b5 43. Rc3 Qa2+ 44. Kg3 h4+ 45. Kf3 Kh7 46.
Qd4 g5 47. Qe4+ Kg7 48. Qe5+ f6 49. Rc7+ 1-0

[Event "World Rapid 2025"]
[Site "Doha QAT"]
[Date "2025.12.26"]
[Round "1.102"]
[White "Smirnov, Mark"]
[Black "Jumabayev, Rinat"]
[Result "0-1"]
[WhiteTitle "FM"]
[BlackTitle "GM"]
[WhiteElo "2420"]
[BlackElo "2560"]
[WhiteFideId "13764594"]
[BlackFideId "13702661"]
[EventDate "2025.12.26"]
[EventType "rapid"]

1. Nf3 Nf6 2. b3 g6 3. Bb2 Bg7 4. g3 b6 5. Bg2 Bb7 6. O-O O-O 7. c4 e6 8. Nc3 d5
9. e3 Nbd7 10. Rc1 c5 11. Qe2 Qe7 12. Rfd1 e5 13. d4 exd4 14. exd4 Qxe2 15. Nxe2
dxc4 16. Rxc4 Rad8 17. dxc5 Nxc5 18. Rxd8 Rxd8 19. Nfd4 Ba6 20. Rc2 Nfe4 21. b4
Bxe2 22. Rxe2 Bxd4 23. bxc5 Nxc5 24. Rd2 Ne6 25. Ba3 Rc8 26. Bh3 Rc4 27. Bb2
Bxb2 28. Bxe6 fxe6 29. Rxb2 Kf7 30. Kf1 Ke7 31. Ke2 g5 32. Kd3 Ra4 33. Kc3 h6
34. Kb3 Rd4 35. Rc2 Kd7 36. Rc3 Rd5 37. Kb4 Rf5 38. Rc2 Rf3 39. Kb5 Kd6 40. a4
Rf5+ 41. Kb4 a5+ 42. Kb3 Rf3+ 43. Kc4 Ra3 44. Rd2+ Kc6 45. Kd4 Rxa4+ 46. Ke5 b5
47. Kxe6 g4 48. h3 gxh3 49. f4 Re4+ 50. Kf5 Re3 51. Kg4 a4 52. f5 h5+ 53. Kf4
Re1 54. f6 Rf1+ 55. Ke5 a3 56. Ke6 b4 0-1

[Event "World Rapid 2025"]
[Site "Doha QAT"]
[Date "2025.12.26"]
[Round "1.103"]
[White "Petrov, Nikita"]
[Black "Berend, Fred"]
[Result "1-0"]
[WhiteTitle "GM"]
[BlackTitle "IM"]
[WhiteElo "2578"]
[BlackElo "2213"]
[WhiteFideId "4101286"]
[BlackFideId "4000102"]
[EventDate "2025.12.26"]
[EventType "rapid"]

1. d4 Nf6 2. c4 e6 3. Nc3 Bb4 4. e3 O-O 5. a3 Bxc3+ 6. bxc3 Nc6 7. Ne2 b6 8. Ng3
Ne8 9. e4 Ba6 10. Bd3 e5 11. Be3 Nd6 12. Qe2 Re8 13. O-O Na5 14. dxe5 Rxe5 15.
f4 Re8 16. e5 Ndxc4 17. Qh5 g6 18. Qh6 Re6 19. Bf2 Qf8 20. Qh3 d6 21. Ne4 dxe5
22. Ng5 Qg7 23. Nxe6 fxe6 24. fxe5 Rd8 25. Qxe6+ Kh8 26. Bh4 Bc8 27. Bxd8 Bxe6
28. Bf6 Nb3 29. Bxc4 Bxc4 30. Rad1 Nc5 31. Rd8+ Bg8 32. Rfd1 Ne4 33. Bxg7+ Kxg7
34. R1d7+ Kh8 35. e6 Nf6 36. e7 1-0

[Event "World Rapid 2025"]
[Site "Doha QAT"]
[Date "2025.12.26"]
[Round "1.104"]
[White "Abdilkhair, Abilmansur"]
[Black "Puranik, Abhimanyu"]
[Result "0-1"]
[WhiteTitle "IM"]
[BlackTitle "GM"]
[WhiteElo "2378"]
[BlackElo "2622"]
[WhiteFideId "13716417"]
[BlackFideId "5061245"]
[EventDate "2025.12.26"]
[EventType "rapid"]

1. e4 e5 2. Nf3 Nc6 3. d4 exd4 4. Nxd4 Qf6 5. Nb5 Bc5 6. Qe2 Bb6 7. N1c3 Nge7 8.
Be3 Ba5 9. O-O-O a6 10. Nd4 Bxc3 11. bxc3 d6 12. h4 Qe5 13. Qd2 Be6 14. h5 O-O-O
15. c4 f5 16. f4 Qf6 17. g4 fxg4 18. Kb1 h6 19. Nxe6 Qxe6 20. Bd3 Ng8 21. Qg2
Nf6 22. Bd2 Rde8 23. Rde1 Nd4 24. Bc3 Nf3 25. Re2 Kb8 26. Ka1 Re7 27. Rb1 Nxh5
28. f5 Qf7 29. e5 dxe5 30. Qxg4 Ng5 31. Qg2 e4 32. Bxe4 Qxc4 33. Bd3 Qxc3+ 34.
Rb2 Qxb2+ 35. Kxb2 Nf4 36. Qf1 Nxe2 37. Bxe2 Rd8 38. Bd3 Nh7 39. Qf4 Rd6 40. Bc4
Rb6+ 41. Kc1 Nf6 42. Be6 Rd6 43. Qf3 g6 44. Qf4 gxf5 45. Bxf5 Re1+ 46. Kb2 Rb6+
47. Ka3 Nd5 48. Qd4 Ne7 49. Qh8+ Ka7 50. Bd3 Nc6 51. Bc4 Reb1 52. Qg7 R6b4 53.
Bb3 Rb5 54. Ba4 Ra5 55. Qxc7 Rb6 56. c3 Ne5 57. c4 h5 58. c5 Nc4# 0-1